| 000 | 00637nam a2200241Ia 4500 | ||
|---|---|---|---|
| 003 | OSt | ||
| 005 | 20221005123610.0 | ||
| 006 | a|||||r|||| 00| 0 | ||
| 007 | ta | ||
| 008 | 221004b |||||||| |||| 00| 0 eng d | ||
| 024 | _a65981 | ||
| 037 | _cTextual | ||
| 040 |
_aCRL _cCRL _beng |
||
| 041 |
_2eng _aeng |
||
| 082 | _aV53:21wK38, G3 | ||
| 100 | _aOgg David | ||
| 245 | 0 | _aLouis XIV | |
| 260 | _c1933 | ||
| 490 | _aHome University Library of modern knowledge ed by Gilbert Murray and George Clark,; 166 | ||
| 650 | _aHISTORY | ||
| 942 |
_hV53:21wK38, G3 _cTEXL _2cc |
||
| 999 |
_c1047887 _d1047887 |
||